Open Data Biblioteca Nacional de Portugal


República Portuguesa: Ministério da Cultura
Biblioteca Nacional de Portugal

Catálogo da BNP: acesso por Identificadores Unívocos
Registos Bibliográficos associados ao registo de autoridade

Etiqueta de registo: 00254nam 2200025 450
001 2280598
003 http://id.bnportugal.gov.pt/bib/catbnp/2280598
100 ## $a20260316d2025 k y0pory01030103ba
101 0# $apor$ceng
102 ## $aPT
105 ## $aa m 000yy
106 ## $ar
200 1# $aGovernança multinível da política educativa para a promoção da coesão territorial$e a articulação entre as escalas local e Europeia$fAna Raquel Almeida Grifo$gorient. João Lourenço Marques
210 #9 $aAveiro$c[s.n.],$d2025
215 ## $a[22], 336 p.$cil.$d30 cm
328 #1 $aTese dout. Políticas Públicas, Universidade de Aveiro, 2025
700 #1 $aGrifo,$bAna Raquel Almeida$31991602
702 #1 $aMarques,$bJoão Lourenço$4727$31795794
801 #0 $aPT$bBN$gRPC
966 ## $lBN$mFGMON$x1
971 ## $cabrito$d20260316

OpendataBNP@bnportugal.pt | Mais informação sobre acesso aos dados BNP